000 00299nam a22001217a 4500
003 OSt
008 250128b |||||||| |||| 00| 0 eng d
041 _aeng
100 _aByron, S
_97028
245 _aText Book of Programming with Basic
260 _aNew DElhi:
_bMc Graw Hill Company Ltd
942 _cBK
999 _c19171
_d19171